Missing Word: Mother Phrases Quiz Stats

Quiz Updated Mar 5, 2016

Challenge
Share
Tweet
Embed
Score 0/30 Timer 03:00
0 Plays Today
Phrase Missing Word % Correct
Mamma ___!Mia
92%
I Saw Mommy ___ Santa ClausKissing
91.1%
How I ___ Your MotherMet
90.4%
Big Momma's ___House
80.8%
___ MamaBaby
79.8%
Mother-of-___Pearl
73.5%
Old Mother ___Hubbard
68.8%
Mommie ___Dearest
66.9%
Stop! Or My Mom Will ___Shoot
65.9%
My Stepmother Is an ___Alien
65.6%
Don't Tell Mom the ___ DeadBabysitter's
59.8%
Mom and Dad Save the ___World
54.4%
Mother ___ BoneLove
54.3%
Does Your Mother ___Know
53.4%
___ MomMr.
44.8%
Phrase Missing Word % Correct
Mama's ___Family
33.8%
Mother and Child ___Reunion
28.7%
Mother Goose and ___Grimm
28.6%
My Mother, the ___Car
27.5%
The __ MotherGood
27.5%
The Mothers of ___Invention
24%
Mother, May I Sleep with ___?Danger
15.9%
Mama's ___boy
15.1%
Some Mother's ___Son
14%
I ___ MamaRemember
11.6%
___ MomSerial
8.5%
Ma Rainey's ___ BottomBlack
7.2%
Mother ___ and Her ChildrenCourage
3.8%
___ Mother'night
3.8%
___ in Grey and Black: The Artist's MotherArrangement
2%

Today's Daily Dose

You're not logged in!

Compare scores with friends on all Sporcle quizzes.
Join for Free
OR
Log In

You Might Also Like...

Show Comments

Extras

Top Quizzes Today


Score Distribution

Your Account Isn't Verified!

In order to create a playlist on Sporcle, you need to verify the email address you used during registration. Go to your Sporcle Settings to finish the process.

Report this User

Report this user for behavior that violates our Community Guidelines.

Details: